| 000 | 00837nam a22002655i 4500 | ||
|---|---|---|---|
| 001 | 12292 | ||
| 003 | ES-MaACL | ||
| 005 | 20250701212921.0 | ||
| 007 | t| | ||
| 008 | 950808s1995 sp ||||0| spa j | ||
| 020 | _a84-7923-045-2 | ||
| 040 |
_aM-BN _bspa _cM-BN |
||
| 080 | _a1 Schelling, Friedrich Wilhelm Joseph | ||
| 100 | 1 |
_aLópez Domínguez, Virginia. _973612 |
|
| 245 | 1 | 0 |
_aSchelling (1775-1854) / _cVirginia López-Domínguez. |
| 250 | _a1ª ed. | ||
| 260 |
_aMadrid : _bEdiciones del Orto, _c1995. |
||
| 300 |
_a94 p ; _c17 cm. |
||
| 490 | 1 | _aBiblioteca filosófica | |
| 504 | _aBibliografía: p. [92]-94. | ||
| 600 | 1 | 4 |
_aSchelling, Friedrich Wilhelm Joseph- _xCrítica e interpretación. _9104294 |
| 830 | 0 | 0 |
_aBiblioteca filosófica _9179275 |
| 852 |
_aES-MaACL _jL-19551 _bR.124349 |
||
| 999 |
_c12292 _d12292 |
||